000 00296nam a2200145Ia 4500
100 _aStizaker/ David
942 _cBK
654 _amathematics
245 _aElementary Probability
260 _bCambridge
_c1994
082 _a519.2
_bSTI
300 _a373
546 _aENGLISH
999 _c27862
_d27862